Drapeau - Difficulté: Extrême 1 - Statistiques

Statistiques générales
  • Ce quiz a été pris 143 fois
  • Le résultat moyen est 4 sur 16
Statistiques - réponses
Par images Réponse % Correct
Groenland
88%
Nouvelle Calédonie
66%
Yougoslavie
56%
Jersey
44%
Zaïre
36%
Empire Mongol
27%
Empire Allemand
23%
Canton de Berne
19%
Lorraine
17%
Siam
16%
Venise
15%
Crimée
11%
Chicago
9%
Tokyo
5%
Soudan Français
4%
Oblast de Mourmansk
3%
Aucun quiz correspondant
Distribution des résultats
% des personnes avec chaque résultat
Percentile par nombre de réponses
Votre historique - résultats
Vous n’avez pas pris ce quiz